| 000 | 01124nam a2200277Ia 4500 | ||
|---|---|---|---|
| 003 | GCL | ||
| 008 | 140319s9999 xx 000 0 ara d | ||
| 020 | _a3944509953 | ||
| 040 |
_aGCL / _cGCL |
||
| 082 | 0 | 4 |
_a355.49 _bم م |
| 245 | 1 | 0 |
_aمناهضة احتلال العراق : _bدراسات ووثائق امريكية وعالمية |
| 250 | _aالاولى | ||
| 260 |
_aبيروت : _bمركز دراسات الوحدة العربية ، _c2005 |
||
| 300 |
_a199 ص ؛ _c24 سم |
||
| 490 |
_aسلسلة كتب المستقبل العربى _v42 |
||
| 650 | 0 | 4 | _aالاستعمار |
| 650 | 0 | 4 | _aالاحتلال العسكرى |
| 650 | 0 | 4 | _aالاستراتيجية |
| 650 | 0 | 4 | _aالعراق - تاريخ - العصر الحديث |
| 650 | 0 | 4 | _aالبترول - اتفاقيات - العراق |
| 650 | 0 | 4 | _aالرقابة المالية |
| 650 | 0 | 4 | _aالعراق - تاريخ - العصر الحديث - صدام حسين |
| 650 | 0 | 4 | _aالمالية العامة - العراق |
| 650 | 0 | 4 | _aالعراق - تاريخ - العصر الحديث - الاحتلال الامريكي |
| 942 |
_2ddc _cBK |
||
| 999 |
_c7521 _d7521 |
||